000 00974nam a22002777a 4500
999 _c1109
_d1109
001 001110
003 CoMeUDC001110
005 20190131202425.0
008 020213s2001 ck a r 00010 spa d
015 _ack-2001-xxxx
035 _aAHH8980 LA
040 _ala
_cCoMeUDC
041 0 _aspa
043 _as-ck---
082 0 4 _a628.15
_bS698
_220 ed.
100 _aCastaño Güiza, Yirama,
_d1964-
_91459
245 1 3 _aEl sonido de los cántaros cronicas de los acueductos en pereira /
_ctextos y edición Yirama Castañoo Güiza ; ilustraciones Carlos Enrique Hoyos.
260 _aPereira :
_bEmpresa de Acueductos y Alcantarillado,
_c2001.
300 _a150 p. :
_bil. ;
_c23 cm.
610 2 0 _aEmpresa de Acueducto y Alcantarillado de Pereira
_x Historia.
650 _aAcueductos
_x Historia
_z Pereira (Colombia)
651 _aPereira (Colombia)
_x Abastecimiento de agua.
700 1 _aHoyos, Carlos Enrique,
_eil.
942 _2ddc
_cBK
949 _ac
_bc